A report to the Executive Secretary on investigations into the economics and the institutional framework of industrialization in Israel. (Record no. 32446)

MARC details
000 -LEADER
fixed length control field 00865cam a22002651 4500
001 - CONTROL NUMBER
control field he 67001204
003 - CONTROL NUMBER IDENTIFIER
control field DLC
005 - DATE AND TIME OF LATEST TRANSACTION
control field 20260227111447.0
008 - FIXED-LENGTH DATA ELEMENTS--GENERAL INFORMATION
fixed length control field 850708s1965 is 000 0 eng
010 ## - LIBRARY OF CONGRESS CONTROL NUMBER
LC control number he 67001204
025 ## - OVERSEAS ACQUISITION NUMBER
Overseas acquisition number PL480:Is-2620
035 ## - SYSTEM CONTROL NUMBER
System control number (OCoLC)12241678
040 ## - CATALOGING SOURCE
Original cataloging agency DLC
Transcribing agency CLU
Modifying agency DLC
042 ## - AUTHENTICATION CODE
Authentication code premarc
050 00 - LIBRARY OF CONGRESS CALL NUMBER
Classification number HC497.P2
Item number M36
100 1# - MAIN ENTRY--PERSONAL NAME
Personal name Mars, John.
245 02 - TITLE STATEMENT
Title A report to the Executive Secretary on investigations into the economics and the institutional framework of industrialization in Israel.
260 ## - PUBLICATION, DISTRIBUTION, ETC.
Place of publication, distribution, etc. [Jerusalem?
Date of publication, distribution, etc. 1965?]
300 ## - PHYSICAL DESCRIPTION
Extent 30 l.
Dimensions 28 cm.
500 ## - GENERAL NOTE
General note Caption title.
500 ## - GENERAL NOTE
General note Report to the Executive Secretary, U.N. Economic Commission for Africa.
650 #0 - SUBJECT ADDED ENTRY--TOPICAL TERM
Topical term or geographic name entry element Industries
Geographic subdivision Israel.
651 #0 - SUBJECT ADDED ENTRY--GEOGRAPHIC NAME
Geographic name Israel
General subdivision Economic conditions.
710 2# - ADDED ENTRY--CORPORATE NAME
Corporate name or jurisdiction name as entry element United Nations.
Subordinate unit Economic Commission for Africa.

No items available.

Powered by Koha